000 00686cam a2200217 4500500
005 20260329010104.0
041 _afre
042 _adc
100 1 0 _aLegros, Martin
_eauthor
245 0 0 _aLe machiavélisme, le malin génie
 du complot
260 _c2022.
500 _a96
690 _aClaude Lefort
690 _aComplot
690 _aDescartes
690 _aMachiavel
690 _aMachiavélisme
690 _aPouvoir
786 0 _nPhilosophie magazine - Hors séries | Hors-série Hiver-Pritemps 2022 | HS52 | 2022-01-01 | p. 32-34 | 2104-9246
856 4 1 _uhttps://shs.cairn.info/magazine-philosophie-magazine-2022-hs52-page-32?lang=fr&redirect-ssocas=7080
999 _c1849403
_d1849403